Statistics for Apple Products & Accessories

Click here to take the quiz!

General Stats

  • This quiz has been taken 56 times
  • The average score is 7 of 10

Answer Stats

Answer% Correct
1iPhone
93%
2iPad
91%
4Macbook
89%
8iPod
84%
5AirPods
82%
3iMac
80%
6iWatch/Apple Watch
67%
10Apple TV
56%
9HomePod
31%
7Apple Pencil
27%

Score Distribution

Percentile by Number Answered

Percent of People with Each Score

Your Score History

You have not taken this quiz